| 000 | 00420pab a2200157 454500 | ||
|---|---|---|---|
| 008 | 180718b2004 xxu||||| |||| 00| 0 eng d | ||
| 100 | _aSrinivas, S.N. | ||
| 245 | _aAlternatives to micro-irrigation: evaluation of the treadle pump | ||
| 260 | _c2004 | ||
| 300 | _ap.4271-275. | ||
| 362 | _a18 Sep | ||
| 650 | _aIrrigation | ||
| 700 | _aJalaayakshi, C.K. | ||
| 773 | _aEconomic and Political Weekly | ||
| 909 | _a62561 | ||
| 999 |
_c62561 _d62561 |
||